|
|
|
|
| LEADER |
00000nam a22000007a 4500 |
| 005 |
20150323183721.0 |
| 007 |
cr|||| |||| |
| 008 |
150323s2015 mx |||||s|||| 00||0 spa d |
| 035 |
|
|
|a 12626
|
| 040 |
|
|
|a vLex
|
| 090 |
|
|
|c 5374
|d 5374
|
| 100 |
1 |
|
|a Sǹchez Miranda, Arnulfo
|
| 245 |
1 |
0 |
|a Aplicacin̤ Prc̀tica del Impuesto al Valor Agregado 2015
|h [Recurso electrn̤ico] /
|c Arnulfo Sǹchez Miranda
|
| 256 |
|
|
|a Servicio en ln̕ea
|
| 260 |
|
|
|a Mx̌ico D.F.:
|b Ediciones Fiscales ISEF,
|c 2015
|
| 300 |
|
|
|a 1 recurso electrn̤ico
|
| 506 |
1 |
|
|a Contenido disponible en los productos indicados
|d vLex Global
|d vLex Global (Academic Edition, excluding Law Schools)
|d vLex Global (U.S. Academic Edition, Law Schools)
|d vLex Global (U.S. Academic Edition, excluding Law Schools)
|d vLex Global (Academic Edition, Law Schools)
|
| 650 |
0 |
4 |
|a Impuesto sobre el valor aądido
|z Mx̌ico
|
| 740 |
0 |
|
|a vLex Libros (Servicio en ln̕ea)
|
| 856 |
4 |
0 |
|u http://vlex.com/source/aplicacion-practica-impuesto-valor-agregado-2015-12626
|z Acceso restringido
|
| 942 |
|
|
|c BOOK
|
| 999 |
0 |
|
|a Value-added tax
|